| 000 | 00375 a2200121 4500 | ||
|---|---|---|---|
| 001 | ART_45105 | ||
| 005 | 20260410162038.0 | ||
| 008 | 260409a | ||
| 245 | 1 | 0 | _aEstado, tecnologĂa y territorio |
| 100 | 1 | _aVersino, Mariana | |
| 700 | 1 | _aRusso, Cintia | |
| 773 | 0 |
_tRevista de estudios regionales y mercado de trabajo _g- NÂș 6 (ene./dic. 2010) _wREV44894 |
|
| 999 |
_c34675 _d34675 |
||